00453 a2200133 450000500170000002000180001708200210003510000170005624500350007326000550010830000650016370000180022885600730024620250605153531.0 a0-7645-5093-4 aLECT 658.022 HAR aHARROCH, R.  aSmall business kit for dummies aFoster city, bIDG Books worldwide, Inc., c1998.  axxvi, 371p.: ill.; figure, picture, table. bIndex, c24cm.  aENGEL, J. S.  yAccess online bookfSmall business kit for dummiesdwww.idgbooks.com